[Event "MVS Bezirks-ch"]
[Site "Bad Soden Salmuenster"]
[Date "2001.11.17"]
[Round "1"]
[White "Drexler, Franz"]
[Black "Schloessner, Henrik"]
[Result "0-1"]
[WhiteElo "1445"]
[BlackElo "2013"]
[PlyCount "72"]
[EventDate "2001.11.??"]
[EventType "swiss"]
[EventRounds "7"]
[EventCountry "GER"]
[SourceTitle "EXT 2004"]
[Source "ChessBase"]
[SourceDate "2003.11.25"]
[SourceVersion "1"]
[SourceVersionDate "2003.11.25"]
[SourceQuality "1"]

1. d4 Nf6 2. c4 e5 3. dxe5 Ng4 4. e3 Nxe5 5. Nf3 Nbc6 6. Nxe5 Nxe5 7. a3 g6 8. Bd2 Bg7 9. Bc3 0-0 10. g3 d6 11. Nd2 Bf5 12. Nf3 Be4 13. Be2 Qf6 14. Bxe5 dxe5 15. 0-0 Rfd8 16. Nd2 Bc6 17. Qc2 e4 18. Rab1 Qe7 19. b4 Ba4 20. Qxa4 Rxd2 21. Rfe1 a6 22. b5 Ra2 23. Qb4 Qxb4 24. axb4 Bc3 25. Rec1 Bd2 26. Rd1 Bxe3 27. Kf1 Bd2 28. bxa6 R8xa6 29. c5 R6a3 30. b5 Rc3 31. c6 bxc6 32. bxc6 Rxc6 33. Rb8+ Kg7 34. Rb7 Ba5 35. Rdb1 e3 36. f3 Rcc2 0-1